[Event "ECF National club Under 2000"]
[Site "Kingston-upon-Hull, ENG"]
[Date "2023.10.22"]
[Round "4.21"]
[White "Cooper, John G"]
[Black "Lambourne, Daniel M"]
[Result "1-0"]
[WhiteElo "2170"]
[BlackElo "2067"]
[PlyCount "115"]
[EventDate "2023.10.22"]
[WhiteTeam "Hull Chess Club 2"]
[BlackTeam "Redditch Chess Club"]

1. e4 d6 2. d4 Nf6 3. Nc3 c6 4. Bd3 Qc7 5. Nge2 e5 6. h3 Nbd7 7. Be3 Be7 8. Ng3
g6 9. Qd2 b6 10. d5 Bb7 11. Be2 h5 12. dxc6 Bxc6 13. f3 Nc5 14. b4 Ne6 15. Nd5
Bxd5 16. exd5 Nf4 17. Bb5+ Kf8 18. Bc6 N6xd5 19. Bxd5 Nxd5 20. Qxd5 Qc3+ 21.
Kf2 Qxc2+ 22. Ne2 Kg7 23. Rhc1 Qf5 24. Rc7 Rhe8 25. Rxe7 Rxe7 26. Qxa8 e4 27.
Bd4+ f6 28. Ng3 e3+ 29. Bxe3 Qc2+ 30. Ne2 Qd3 31. Bh6+ Kxh6 32. Qf8+ Rg7 33.
Qxf6 Kh7 34. Rc1 Qd2 35. a3 Qd5 36. Rc8 a5 37. bxa5 bxa5 38. Qf8 g5 39. Qe8 Kh6
40. Qe4 Qxe4 41. fxe4 Rb7 42. Rc6 Rb3 43. Rxd6+ Kg7 44. a4 Rb4 45. Rd4 Rb6 46.
Rd5 Kf6 47. Rxa5 Rb4 48. Nc3 Rc4 49. Nd5+ Ke6 50. Kf3 Rc8 51. Ra6+ Ke5 52. Rg6
g4+ 53. hxg4 hxg4+ 54. Rxg4 Rc4 55. Rg5+ Kd6 56. a5 Ra4 57. a6 Ra3+ 58. Kf4 1-0

[Event "ECF National club Under 2000"]
[Site "Kingston-upon-Hull, ENG"]
[Date "2023.10.22"]
[Round "4.22"]
[White "Evans, Harry G"]
[Black "Usifoh, Kristian C"]
[Result "0-1"]
[WhiteElo "1947"]
[BlackElo "1927"]
[PlyCount "84"]
[EventDate "2023.10.22"]
[WhiteTeam "Redditch Chess Club"]
[BlackTeam "Hull Chess Club 2"]

1. d4 Nf6 2. Nf3 d5 3. Bf4 c6 4. e3 Qb6 5. Qc1 Bf5 6. Be2 h6 7. O-O g5 8. Bxb8
Rxb8 9. c4 Bg7 10. Nc3 O-O 11. Ne5 Ne4 12. Nxe4 dxe4 13. g4 Be6 14. Qc2 f5 15.
gxf5 Bxf5 16. Bg4 Bxe5 17. Bxf5 Bxh2+ 18. Kxh2 Qc7+ 19. Kg2 Rxf5 20. Rh1 Kg7
21. Qxe4 Rbf8 22. Raf1 Qd6 23. Rh2 Rxf2+ 24. Rxf2 Rxf2+ 25. Kxf2 Qxh2+ 26. Kf1
Qd6 27. Kg2 Qf6 28. b4 a6 29. a4 e6 30. Qd3 g4 31. e4 h5 32. d5 exd5 33. exd5
Qf3+ 34. Qxf3 gxf3+ 35. Kxf3 cxd5 36. c5 Kf6 37. b5 Ke7 38. c6 Kd6 39. cxb7 Kc7
40. bxa6 Kb8 41. Kf4 d4 42. Ke5 d3 0-1

[Event "ECF National club Under 2000"]
[Site "Kingston-upon-Hull, ENG"]
[Date "2023.10.22"]
[Round "4.23"]
[White "Li, Xiaofan (David)"]
[Black "Towers, Nigel S"]
[Result "1-0"]
[WhiteElo "1791"]
[BlackElo "1807"]
[PlyCount "97"]
[EventDate "2023.10.22"]
[WhiteTeam "Hull Chess Club 2"]
[BlackTeam "Redditch Chess Club"]

1. e4 c6 2. d4 d5 3. f3 e6 4. Nc3 Bb4 5. Bf4 dxe4 6. fxe4 Nf6 7. Qd3 c5 8. Nge2
Nc6 9. dxc5 Qxd3 10. cxd3 e5 11. Be3 Be6 12. a3 Bxc3+ 13. Nxc3 O-O 14. Be2 Rfd8
15. O-O Bg4 16. Rad1 Bxe2 17. Nxe2 Rd7 18. Bg5 Ne8 19. b4 a6 20. Nc3 f6 21. Be3
Nc7 22. Rd2 Rad8 23. Rfd1 Nd4 24. Bxd4 Rxd4 25. Ne2 R4d7 26. d4 Nb5 27. a4 Nxd4
28. Nxd4 Rxd4 29. Rxd4 exd4 30. Kf2 Kf7 31. Ke2 Ke6 32. Kd3 Ke5 33. Rc1 g6 34.
Rc4 h6 35. g3 f5 36. exf5 Kxf5 37. Rxd4 Rb8 38. Kc4 Rc8 39. b5 axb5+ 40. axb5
Ke5 41. Rd6 Kf5 42. Kd5 h5 43. c6 bxc6+ 44. bxc6 Ra8 45. c7 Ra5+ 46. Kc6 Ke5
47. Rd8 Ra1 48. Rd5+ Ke4 49. c8=Q 1-0

[Event "ECF National club Under 2000"]
[Site "Kingston-upon-Hull, ENG"]
[Date "2023.10.22"]
[Round "4.24"]
[White "Smith, David"]
[Black "Pitel, Benedikt"]
[Result "1-0"]
[WhiteElo "1797"]
[BlackElo "1761"]
[PlyCount "47"]
[EventDate "2023.10.22"]
[WhiteTeam "Redditch Chess Club"]
[BlackTeam "Hull Chess Club 2"]

1. c4 e5 2. Nc3 Nf6 3. g3 Bc5 4. Bg2 Nc6 5. e4 O-O 6. Nge2 d6 7. O-O Bg4 8. h3
Be6 9. d3 h6 10. Kh2 Ne7 11. f4 c6 12. f5 Bd7 13. g4 d5 14. g5 hxg5 15. Bxg5
Nh7 16. Bh4 dxc4 17. f6 Nxf6 18. Rxf6 gxf6 19. Bxf6 Qc7 20. Qd2 Nf5 21. Qg5+
Kh7 22. exf5 e4+ 23. Kh1 Be7 24. Qg7# 1-0

[Event "ECF National club Under 2000"]
[Site "Kingston-upon-Hull, ENG"]
[Date "2023.10.22"]
[Round "5.11"]
[White "Coates, David H"]
[Black "Cooper, John G"]
[Result "0-1"]
[WhiteElo "2048"]
[BlackElo "2170"]
[PlyCount "56"]
[EventDate "2023.10.22"]
[WhiteTeam "Ashfield"]
[BlackTeam "Hull Chess Club 2"]

1. d4 d5 2. c4 e6 3. Nc3 c5 4. cxd5 exd5 5. Nf3 Nc6 6. g3 Nf6 7. Bg2 Be7 8. O-O
O-O 9. Bg5 c4 10. Ne5 Be6 11. e3 h6 12. Bxf6 Bxf6 13. f4 Ne7 14. g4 Qd6 15. Qf3
Rad8 16. Rad1 b5 17. f5 Bc8 18. e4 Qb6 19. Kh1 dxe4 20. Nxe4 Rxd4 21. Nxf6+
gxf6 22. Rxd4 Qxd4 23. Nc6 Nxc6 24. Qxc6 Qxb2 25. Bd5 Qe2 26. Rg1 Qe5 27. g5
hxg5 28. Rxg5+ fxg5 0-1

[Event "ECF National club Under 2000"]
[Site "Kingston-upon-Hull, ENG"]
[Date "2023.10.22"]
[Round "5.12"]
[White "Usifoh, Kristian C"]
[Black "Flynn, David"]
[Result "0-1"]
[WhiteElo "1927"]
[BlackElo "1900"]
[PlyCount "84"]
[EventDate "2023.10.22"]
[WhiteTeam "Hull Chess Club 2"]
[BlackTeam "Ashfield"]

1. c4 c5 2. g3 g6 3. Bg2 Bg7 4. Nc3 Nc6 5. e4 a6 6. Nge2 b5 7. cxb5 axb5 8. O-O
b4 9. Na4 Qa5 10. Nxc5 Qxc5 11. d4 Nxd4 12. Be3 Nxe2+ 13. Qxe2 Qe5 14. Rfd1
Qxb2 15. Qc4 Qc3 16. Qb5 Qc6 17. Qxb4 Qa4 18. Qb6 Nh6 19. Bxh6 Bxh6 20. e5 Qa7
21. Qb4 Rb8 22. Qh4 Bg7 23. e6 O-O 24. exd7 Bxd7 25. Rac1 Bf6 26. Qf4 Be6 27.
Rc6 Qxa2 28. Re1 Rfc8 29. Rcxe6 fxe6 30. Bh3 Rb6 31. Qe3 Rcc6 32. Qe4 Rd6 33.
Bf1 Qd5 34. Qa4 Qc6 35. Qa7 Qd7 36. Qa8+ Qd8 37. Qa7 Kf7 38. h4 Rb2 39. Qe3 Qb6
40. Qf3 Rdd2 41. Bc4 Rxf2 42. Rxe6 Rg2+ 0-1

[Event "ECF National club Under 2000"]
[Site "Kingston-upon-Hull, ENG"]
[Date "2023.10.22"]
[Round "5.13"]
[White "Taylor, Robert P"]
[Black "Li, Xiaofan (David)"]
[Result "1/2-1/2"]
[WhiteElo "1753"]
[BlackElo "1791"]
[PlyCount "142"]
[EventDate "2023.10.22"]
[WhiteTeam "Ashfield"]
[BlackTeam "Hull Chess Club 2"]

1. d4 d5 2. Nc3 Nf6 3. Bf4 g6 4. e3 Bg7 5. Nf3 c6 6. Bd3 Bg4 7. h3 Bxf3 8. Qxf3
Nbd7 9. g4 Qa5 10. O-O O-O 11. a3 Rfe8 12. Qg3 Rac8 13. b4 Qd8 14. Na4 h6 15.
Qh2 Nh7 16. Bg3 e5 17. c3 e4 18. Be2 Ng5 19. Qg2 b5 20. Nb2 Kh7 21. h4 Ne6 22.
f4 f5 23. g5 hxg5 24. hxg5 Ra8 25. Ra2 a5 26. Rfa1 a4 27. Kf2 Kg8 28. Rh1 Kf7
29. Raa1 Qe7 30. Rh3 Rh8 31. Rah1 Rxh3 32. Rxh3 Rh8 33. Qh2 Qf8 34. Rxh8 Qxh8
35. Qxh8 Bxh8 36. Ke1 Nb6 37. Kd2 Bg7 38. Kc2 Bf8 39. Bf2 Nd8 40. Be1 Nb7 41.
Bd2 Nd6 42. Be1 Ke6 43. Bd2 Be7 44. Be1 Nf7 45. Bg3 Bd6 46. Bh4 Nd8 47. Kd2 Kf7
48. Ke1 Ne6 49. Kf1 Nc4 50. Bxc4 dxc4 51. Ke2 Bxb4 52. cxb4 c3 53. Nd3 exd3+
54. Kxd3 Ke7 55. Kxc3 Kd6 56. Kd3 Kd5 57. Be1 Nd8 58. Bf2 Nf7 59. Be1 Nd6 60.
Bd2 Ne4 61. Bc1 Nd6 62. Bd2 Nc4 63. Bc1 Kd6 64. e4 fxe4+ 65. Kxe4 Ke6 66. Kd3
Kf5 67. d5 cxd5 68. Kd4 Ke6 69. Kc5 Nd6 70. Bb2 Nc4 71. Bc1 Nd6 1/2-1/2

[Event "ECF National club Under 2000"]
[Site "Kingston-upon-Hull, ENG"]
[Date "2023.10.22"]
[Round "5.14"]
[White "Pitel, Benedikt"]
[Black "Willoughby, Robert H"]
[Result "1-0"]
[WhiteElo "1761"]
[BlackElo "1638"]
[PlyCount "45"]
[EventDate "2023.10.22"]
[WhiteTeam "Hull Chess Club 2"]
[BlackTeam "Ashfield"]

1. e4 c5 2. c3 d5 3. exd5 Qxd5 4. Nf3 Nc6 5. Na3 Bg4 6. Be2 Nf6 7. O-O e6 8. d4
Be7 9. Nb5 Rc8 10. Be3 cxd4 11. Nbxd4 O-O 12. Nxc6 Rxc6 13. Nd4 Bxe2 14. Nxc6
Qxd1 15. Nxe7+ Kh8 16. Rfxd1 Bxd1 17. Rxd1 Re8 18. Bc5 b6 19. Ba3 a5 20. Nc6 g5
21. Rd8 h5 22. Be7 Rxd8 23. Bxf6+ 1-0

[Event "ECF National club Under 2000"]
[Site "Kingston-upon-Hull, ENG"]
[Date "2023.10.22"]
[Round "5.21"]
[White "Lambourne, Daniel M"]
[Black "Kendall, Paul SN"]
[Result "1/2-1/2"]
[WhiteElo "2067"]
[BlackElo "1925"]
[PlyCount "78"]
[EventDate "2023.10.22"]
[WhiteTeam "Redditch Chess Club"]
[BlackTeam "Beverley Patzers"]

1. d4 Nf6 2. c4 e6 3. Nc3 d5 4. e3 c5 5. cxd5 exd5 6. Nf3 Nc6 7. Be2 Be6 8.
dxc5 Bxc5 9. O-O O-O 10. a3 Ne4 11. Nb5 a6 12. Nbd4 Qf6 13. Qd3 Bd6 14. Nxc6
bxc6 15. Nd4 c5 16. Nxe6 Qxe6 17. Bf3 Rfd8 18. g3 Qf5 19. Bxe4 dxe4 20. Qc2 Be7
21. Bd2 Rd6 22. Bc3 Qf3 23. Rad1 h5 24. Rxd6 Bxd6 25. Qd1 Be7 26. Qxf3 exf3 27.
Rd1 Rd8 28. Rxd8+ Bxd8 29. b3 f5 30. Be5 Kf7 31. Kf1 g5 32. Bc3 Ke6 33. h3 g4
34. h4 Kd5 35. Ke1 Ke4 36. Kd2 Bc7 37. a4 Bb6 38. Bf6 Ba5+ 39. Bc3 Bb6 1/2-1/2

[Event "ECF National club Under 2000"]
[Site "Kingston-upon-Hull, ENG"]
[Date "2023.10.22"]
[Round "5.22"]
[White "Turner, Tim M"]
[Black "Evans, Harry G"]
[Result "1/2-1/2"]
[WhiteElo "1913"]
[BlackElo "1947"]
[PlyCount "56"]
[EventDate "2023.10.22"]
[WhiteTeam "Beverley Patzers"]
[BlackTeam "Redditch Chess Club"]

1. d4 Nf6 2. Nf3 d5 3. c4 c6 4. Nc3 a6 5. cxd5 cxd5 6. Bf4 Nc6 7. e3 Bf5 8. Bd3
Bxd3 9. Qxd3 e6 10. O-O Be7 11. h3 O-O 12. Rfc1 Rc8 13. Na4 Nb4 14. Qb3 b5 15.
Nc5 Bxc5 16. dxc5 Nc6 17. Qd3 Re8 18. Ne5 Nd7 19. Nxd7 Qxd7 20. Bd6 Ra8 21. a3
Qb7 22. f4 f5 23. g4 Qf7 24. Kh2 fxg4 25. hxg4 Qf6 26. Qe2 e5 27. Qg2 Qh4+ 28.
Kg1 Kh8 1/2-1/2

[Event "ECF National club Under 2000"]
[Site "Kingston-upon-Hull, ENG"]
[Date "2023.10.22"]
[Round "5.23"]
[White "Towers, Nigel S"]
[Black "Hackett, Thomas L"]
[Result "0-1"]
[WhiteElo "1807"]
[BlackElo "1777"]
[PlyCount "66"]
[EventDate "2023.10.22"]
[WhiteTeam "Redditch Chess Club"]
[BlackTeam "Beverley Patzers"]

1. e4 c5 2. Nf3 Nc6 3. Bb5 g6 4. O-O Bg7 5. Bxc6 bxc6 6. d3 Nf6 7. Nbd2 O-O 8.
Re1 d6 9. e5 Nd7 10. exd6 exd6 11. Nc4 Nb6 12. Ne3 Rb8 13. c3 Be6 14. d4 c4 15.
b3 Re8 16. bxc4 Nxc4 17. Nxc4 Bxc4 18. Nd2 Bd5 19. Rxe8+ Qxe8 20. Ba3 c5 21. c4
Ba8 22. Nb3 Qe4 23. Qf1 cxd4 24. Rd1 Be5 25. Re1 Qf4 26. Rxe5 dxe5 27. Qe2 Qg5
28. f3 Re8 29. Bc1 Qd8 30. Nc5 f5 31. g4 e4 32. gxf5 exf3 33. Qf2 Re2 0-1

[Event "ECF National club Under 2000"]
[Site "Kingston-upon-Hull, ENG"]
[Date "2023.10.22"]
[Round "5.24"]
[White "Oliver, Bruce R"]
[Black "Smith, David"]
[Result "0-1"]
[WhiteElo "1629"]
[BlackElo "1797"]
[PlyCount "64"]
[EventDate "2023.10.22"]
[WhiteTeam "Beverley Patzers"]
[BlackTeam "Redditch Chess Club"]

1. Nf3 d5 2. g3 e6 3. Bg2 f5 4. d3 Nf6 5. Nbd2 Be7 6. O-O O-O 7. b3 c5 8. Bb2
Nc6 9. Re1 Qc7 10. e4 fxe4 11. dxe4 d4 12. a4 e5 13. Nc4 Bg4 14. h3 Bxf3 15.
Bxf3 Rad8 16. Qe2 b6 17. Rad1 a6 18. Bg2 Nd7 19. Bc1 Nb4 20. f4 b5 21. axb5
axb5 22. Nxe5 Nxe5 23. fxe5 c4 24. bxc4 bxc4 25. Rf1 Qc5 26. Kh2 d3 27. cxd3
Nxd3 28. e6 Qe5 29. Qg4 Nf2 30. Rxf2 Rxf2 31. Rd5 Rxd5 32. exd5 Qxd5 0-1